000 01190cad a22002535a 4500
001 L152045
008 110128e20110128xxkd f s 000 0 eng d
035 _a(Sirsi) u152045
041 0 _aeng
050 0 4 _a333.33 $2 18
110 2 _aRoyal Institution of Chartered Surveyors
_bEconomics
_95033
245 0 0 _aRICS global real estate weekly
_b28 January 2011
_h[electronic resource]
260 _aLondon
_bRICS
_c2011
490 0 _aRICS Global Real Estate Weekly
_v28 January 2011
520 _aSingapore real estate market to remain firm. European Central Bank turns more hawkish on above target inflation. US construction being held back by lack of finance. Reserve Bank of Australia likely to remain on policy sidelines in light of flooding.
590 _aKA
650 2 4 _aRICS GLOBAL REAL ESTATE WEEKLY
651 4 _aInternational
690 _aBUILT ENVIRONMENT-CONSTRUCTION MARKET
690 _aPROPERTY-RESIDENTIAL PROPERTY-RESIDENTIAL PROPERTY MARKET
690 _aPROPERTY-COMMERCIAL PROPERTY-COMMERCIAL PROPERTY MARKET
856 4 0 _uhttps://www.rics.org/site/download_feed.aspx?fileID=8663&fileExtension=PDF
_zView the report free of charge at www.rics.org
942 _n0
999 _c111812
_d111812